Rózsahegy Pályaudvar

Zobrazenie: Pohľad na zboku na železničnú stanicu v Ružomberku v pozadí vidieť mesto z okolitými horami

Bibliographic Details
Format: Photo
Language:Hungarian
Slovak
PhysicalDescription:1 pohľadnica kolorovaná 9 x 14 cm
Published: [Ružomberok?] [vydavateľ neznámy] [1915?]
Subjects:

MARC

LEADER 00000ckm a2200000 a 4500
001 vtls011885853
003 SK-MaSNL
005 20260302023235.0
007 kf co
008 230706q1915 xo g 0k|hun
015 |a SNBG1915 
035 |a urn:nbn:sk:snk-km00eaka 
035 |a urn:nbn:sk:snk-km43glx 
035 |a 22EF8298-E9BF-4E61-A7D8-9BCFFF750BF5 
040 |a SNK  |b slo  |c SNK  |e AACR2 
041 0 |a hun  |a slo 
043 |a e-xo--- 
044 |a xo  |c SK 
072 7 |a 913  |x Regionálna geografia  |2 konspekt 
080 |a 913(437.6)  |2 2011 
080 |a (084.121)  |2 2011 
080 |a 725.31  |2 2011 
245 0 0 |a Rózsahegy  |h grafika  |b Pályaudvar 
246 3 1 |a Ružomberok  |b stanica 
260 |a [Ružomberok?]  |b [vydavateľ neznámy]  |c [1915?] 
300 |a 1 pohľadnica  |b kolorovaná  |c 9 x 14 cm 
500 |a Názvové údaje prevzaté z obrazovej strany pohľadnice 
520 8 |a Zobrazenie: Pohľad na zboku na železničnú stanicu v Ružomberku v pozadí vidieť mesto z okolitými horami 
546 |a Súbežný názov v slovenčine 
650 0 7 |a železničné stanice  |2 SNKPH  |9 30261 
651 7 |a Ružomberok (Slovensko)  |2 SNKPHgeo  |9 24370 
655 7 |a miestne pohľadnice  |2 SNKPH  |9 70510 
852 |a Slovenská národná knižnica 
958 |a GBN 
958 |a GC 
958 |a ONDV 
999 |c 1035821  |d 1037751 
952 |a SNK  |b SNK  |y PREZ  |7 0  |p 17A1379560  |o snkSP 113613  |z Pohľadnica prešla poštou.  |0 0  |1 0  |4 0  |d 2019-09-09  |f 1  |l 0  |r 2026-02-24 14:08:03  |w 2026-02-24